[Event "Tournoi Skype 027B"]
[Site "Skype"]
[Date "????.??.??"]
[Round "1.34"]
[White "Maalik, Aakash"]
[Black "Pasasin, Alejandro"]
[Result "0-1"]
[WhiteElo "1000"]
[BlackElo "1251"]
[PlyCount "88"]

1. e4 c5 2. Nf3 d6 3. d4 cxd4 4. Nxd4 Nf6 5. Nc3 a6 6. Be2 e6 7. Be3 Be7 8. O-O
O-O 9. Qd2 Nbd7 10. Rad1 Qc7 11. Nf3 b5 12. a3 Bb7 13. Bd3 Nc5 14. Bxc5 Qxc5
15. Rde1 Ng4 16. h3 Ne5 17. Be2 Nc4 18. Qc1 Bf6 19. b4 Qc7 20. Bxc4 Qxc4 21.
Nd1 Rac8 22. Re2 Qxe2 23. Ne3 Bxe4 24. Re1 Rxc2 25. Nxc2 Qxc2 26. Qe3 d5 27.
Rc1 Qd3 28. Qa7 h6 29. Qxa6 Bb2 30. Rc8 Qb1+ 31. Kh2 Bxf3 32. Rxf8+ Kxf8 33.
Qc8+ Ke7 34. gxf3 Be5+ 35. Kg2 d4 36. Qb7+ Kf6 37. Qxb5 d3 38. f4 Bxf4 39. Qc4
Be5 40. Qh4+ Kg6 41. Qe4+ Kf6 42. Qh4+ Kg6 43. Qe4+ f5 44. Qxe5 d2 0-1

[Event "Tournoi Skype 027B"]
[Site "Skype"]
[Date "????.??.??"]
[Round "1.35"]
[White "Borg, Anthony"]
[Black "Martinez, Danny"]
[Result "1-0"]
[WhiteElo "1236"]
[BlackElo "1000"]
[PlyCount "69"]

1. e4 e5 2. Nf3 Nc6 3. Bc4 Nf6 4. d3 Be7 5. O-O O-O 6. Nc3 d6 7. h3 Nb8 8. Bg5
Nbd7 9. d4 h6 10. Bxf6 Nxf6 11. dxe5 d5 12. exf6 Bxf6 13. Bxd5 Re8 14. Qe2 c6
15. Bc4 Be6 16. Rad1 Qc7 17. Bxe6 Rxe6 18. Nd5 cxd5 19. Rxd5 Bxb2 20. c4 Bf6
21. e5 Be7 22. Rfd1 Rc6 23. Rc1 Ba3 24. Rc2 Qb6 25. Rb5 Qc7 26. Rb3 Bc5 27. Qe4
Rd8 28. Rb1 Re6 29. Rxb7 Rd1+ 30. Kh2 Qc8 31. Rcb2 Rd7 32. Rb8 Bd6 33. Rxc8+
Bf8 34. Rbb8 f6 35. Rxf8# 1-0

[Event "Tournoi Skype 027B"]
[Site "Skype"]
[Date "????.??.??"]
[Round "1.36"]
[White "Marty, Yvette"]
[Black "Reese, Evan"]
[Result "0-1"]
[WhiteElo "1000"]
[BlackElo "1235"]
[PlyCount "46"]

1. e4 e5 2. Nc3 Nf6 3. d3 Nc6 4. Bg5 Be7 5. Nf3 O-O 6. Qe2 Bc5 7. a3 Be7 8. Nd5
d6 9. Nxf6+ Bxf6 10. c3 Bxg5 11. d4 Re8 12. Qd3 exd4 13. cxd4 Bf5 14. Be2 Qf6
15. O-O Bxe4 16. Qc4 Bf4 17. d5 Ne5 18. Nxe5 Qxe5 19. Rad1 Bxh2+ 20. Kh1 Qf4
21. f3 Qh4 22. g3 Bxg3+ 23. Kg1 Qh2# 0-1

[Event "Tournoi Skype 027B"]
[Site "Skype"]
[Date "????.??.??"]
[Round "1.37"]
[White "Malbec, Robert"]
[Black "Meza, Rafael"]
[Result "1-0"]
[WhiteElo "1233"]
[BlackElo "1000"]
[PlyCount "111"]

1. e4 c5 2. Nf3 a6 3. d4 cxd4 4. Nxd4 e5 5. Nf3 Nc6 6. Nc3 d6 7. Bc4 h6 8. O-O
Nf6 9. a3 Be7 10. b4 b5 11. Bb3 O-O 12. Re1 Re8 13. Bb2 Bf8 14. Nd5 Be6 15. Qd2
a5 16. Qc3 Rc8 17. Qd3 axb4 18. axb4 Bg4 19. h3 Bh5 20. Re3 Bg6 21. Nd2 Ne7 22.
Qxb5 Nexd5 23. exd5 Bxc2 24. Bxc2 Rxc2 25. Bc3 Qc7 26. Qd3 Rxc3 27. Qxc3 Qxc3
28. Rxc3 Nxd5 29. Rb3 e4 30. Re1 Nf6 31. Rbe3 d5 32. b5 Bc5 33. Rb3 d4 34. Kf1
e3 35. fxe3 dxe3 36. Nc4 Ne4 37. Kg1 e2+ 38. Kh1 Nf2+ 39. Kh2 Re5 40. Nxe5 Bd6
41. Kg1 Bc5 42. Kh2 Bd6 43. Kg3 Ne4+ 44. Kf4 Nd2 45. Rd3 Nc4 46. Rxd6 Nxd6 47.
Rxe2 f5 48. Rb2 g5+ 49. Kf3 Kf8 50. g4 Ke7 51. gxf5 Kf6 52. Ng4+ Kxf5 53. Nxh6+
Ke6 54. Ng4 Kd7 55. Ne3 Nxb5 56. Rxb5 1-0

[Event "Tournoi Skype 027B"]
[Site "Skype"]
[Date "????.??.??"]
[Round "1.38"]
[White "More, Sanskruti"]
[Black "Jimenez Cabrera, Rodolfo"]
[Result "0-1"]
[WhiteElo "1000"]
[BlackElo "1225"]
[PlyCount "58"]

1. e4 e5 2. Nf3 Nc6 3. Bc4 h6 4. O-O d6 5. h3 Nf6 6. d3 a6 7. Nc3 Be7 8. a3 Be6
9. Nd5 Na5 10. Ba2 O-O 11. Nxf6+ Bxf6 12. Bxe6 fxe6 13. Bd2 Nc6 14. Nh2 d5 15.
Qg4 Bg5 16. Bxg5 Qxg5 17. Qxe6+ Kh8 18. exd5 Nd4 19. Qg4 Qd2 20. Rac1 Ne2+ 21.
Kh1 Nxc1 22. Nf3 Qxc2 23. Nxe5 Nxd3 24. Ng6+ Kg8 25. Nxf8 Rxf8 26. Qg3 Nxf2+
27. Kg1 Qc5 28. Qg6 Ng4+ 29. Rf2 Qxf2+ 0-1

[Event "Tournoi Skype 027B"]
[Site "Skype"]
[Date "????.??.??"]
[Round "1.39"]
[White "Bustos, Ricardo"]
[Black "Rodriguez, Gisselle"]
[Result "1-0"]
[WhiteElo "1216"]
[BlackElo "1000"]
[PlyCount "59"]

1. d4 d6 2. c4 Nc6 3. Nf3 Nf6 4. e3 Bf5 5. Bd3 e6 6. Bxf5 g6 7. Bd3 Be7 8. O-O
O-O 9. Nc3 Qd7 10. e4 Rfd8 11. Qc2 Ng4 12. h3 f5 13. hxg4 fxg4 14. Nh2 Bg5 15.
Bxg5 Nb4 16. Qe2 a5 17. Bxd8 Qe8 18. Bxc7 e5 19. Bxd6 exd4 20. Nxg4 h5 21. Nf6+
Kg7 22. Nxe8+ Rxe8 23. Nd5 Rf8 24. Bxf8+ Kxf8 25. Nxb4 axb4 26. e5 h4 27. Bxg6
Kg7 28. Qh5 h3 29. Qh7+ Kf8 30. Qf7# 1-0

[Event "Tournoi Skype 027B"]
[Site "Skype"]
[Date "????.??.??"]
[Round "1.40"]
[White "Rodriguez Tovar, Liliana"]
[Black "Conde, Carmen"]
[Result "0-1"]
[WhiteElo "1000"]
[BlackElo "1214"]
[PlyCount "60"]

1. e4 d5 2. Nc3 c6 3. Nf3 e6 4. d3 d4 5. Ne2 Bc5 6. c3 Nd7 7. cxd4 Bb4+ 8. Bd2
Bd6 9. d5 cxd5 10. Ned4 e5 11. exd5 exd4 12. Qe2+ Ne7 13. Nxd4 h6 14. Qf3 Nf6
15. Be2 Bg4 16. Qe3 Nfxd5 17. Qe4 Nf6 18. Bxg4 Nxe4 19. dxe4 Ng6 20. O-O O-O
21. Rfe1 Bc5 22. Nf5 Qxd2 23. Rad1 Qxf2+ 24. Kh1 Rae8 25. Rf1 Qxb2 26. Ra1 Rxe4
27. Bf3 Rf4 28. Ng3 Nh4 29. a4 Rxf3 30. gxf3 Qg2# 0-1

[Event "Tournoi Skype 027B"]
[Site "Skype"]
[Date "????.??.??"]
[Round "1.41"]
[White "Gokcek, Cagri"]
[Black "Schuh, David"]
[Result "1-0"]
[WhiteElo "1202"]
[BlackElo "1000"]
[PlyCount "33"]

1. e4 e5 2. Nf3 Nc6 3. Bc4 Bc5 4. Nc3 Nf6 5. d3 d6 6. Bg5 O-O 7. O-O Bg4 8. Nd5
h6 9. Bh4 Qd7 10. Bxf6 gxf6 11. Nxf6+ Kh8 12. Nxd7 Rfd8 13. Nf6 Bc8 14. Nh4 b6
15. Qh5 Kg7 16. Qxf7+ Kh8 17. Qh7# 1-0

[Event "Tournoi Skype 027B"]
[Site "Skype"]
[Date "????.??.??"]
[Round "1.43"]
[White "Conde, Abigail"]
[Black "Simone, Vale"]
[Result "0-1"]
[WhiteElo "1196"]
[BlackElo "1453"]
[PlyCount "98"]

1. d4 Nf6 2. c4 g6 3. Nc3 Bg7 4. e4 d6 5. Nf3 O-O 6. Bf4 Re8 7. e5 dxe5 8. Bxe5
Nbd7 9. Bf4 b6 10. Be2 Bb7 11. Qd2 Nh5 12. Bh6 e5 13. d5 e4 14. Ng5 Bxh6 15. h4
f6 16. Ncxe4 Rxe4 17. Qd3 Rxe2+ 18. Qxe2 fxg5 19. O-O Qe8 20. Qg4 Ndf6 21. Qd4
gxh4 22. Rae1 Qd7 23. Re6 Bg7 24. Rfe1 Nxd5 25. Qe4 Nhf6 26. Qxh4 Nb4 27. Re7
Qc6 28. f3 Re8 29. R1e6 Qc5+ 30. Kh1 Rxe7 31. Rxe7 Qxe7 32. Qd4 Nh5 33. Qd2
Qh4+ 34. Kg1 Qd4+ 35. Qf2 Qxf2+ 36. Kxf2 Nxa2 37. b3 Nc1 38. g4 Nf6 39. Kg2
Nxb3 40. Kg3 a5 41. f4 a4 42. f5 a3 43. Kf4 a2 44. g5 Nh5+ 45. Kg4 a1=Q 46.
fxg6 hxg6 47. Kh4 Qd4+ 48. Kh3 Qe3+ 49. Kh2 Qg3# 0-1

[Event "Tournoi Skype 027B"]
[Site "Skype"]
[Date "????.??.??"]
[Round "1.44"]
[White "Solis Treminio, Jose Antonio"]
[Black "Chavez, Isidro"]
[Result "0-1"]
[WhiteElo "1000"]
[BlackElo "1192"]
[PlyCount "46"]

1. d4 d5 2. Bf4 Nd7 3. e3 c6 4. Nf3 Qb6 5. Nbd2 Qxb2 6. Rb1 Qxa2 7. Ng5 Qa5 8.
Bd3 Ngf6 9. O-O e6 10. h3 Be7 11. Bxh7 Nxh7 12. Ndf3 Ndf8 13. Ne5 Bxg5 14. Bxg5
Nxg5 15. h4 Rxh4 16. Qd3 Qc7 17. Nf3 Nxf3+ 18. gxf3 e5 19. c4 g6 20. cxd5 Bf5
21. Qd1 Bxb1 22. Qxb1 e4 23. fxe4 Qh2# 0-1

[Event "Tournoi Skype 027B"]
[Site "Skype"]
[Date "????.??.??"]
[Round "1.45"]
[White "Codina, Teresa"]
[Black "Tolaro, Filippa"]
[Result "1-0"]
[WhiteElo "1189"]
[BlackElo "1000"]
[PlyCount "81"]

1. d4 d5 2. Nf3 c6 3. e3 Bf5 4. c4 e6 5. Bd3 Bxd3 6. Qxd3 Nf6 7. O-O Bb4 8.
cxd5 Nxd5 9. e4 Nf4 10. Bxf4 O-O 11. Qb3 c5 12. dxc5 Bxc5 13. Qxb7 Nd7 14. Qb3
Rb8 15. Bxb8 Qxb8 16. Nc3 Qd6 17. Rad1 Qc6 18. Rd2 Bb6 19. Rfd1 Nc5 20. Qc2 Qc8
21. b4 Nb7 22. a4 a5 23. Qb1 g6 24. Ne2 Bc7 25. h4 Bd8 26. Ng3 e5 27. h5 Qg4
28. hxg6 fxg6 29. Qb3+ Kg7 30. Qd5 Be7 31. Qxb7 axb4 32. Qxe7+ Rf7 33. Qxe5+
Kh6 34. Rd4 b3 35. Qb5 Qf4 36. Qxb3 Rf8 37. Qb6 Qf7 38. e5 Rc8 39. a5 Qa2 40.
Rh4+ Kg7 41. Qb7+ 1-0

[Event "Tournoi Skype 027B"]
[Site "Skype"]
[Date "????.??.??"]
[Round "1.46"]
[White "Zequeda, Javier"]
[Black "Thavorath, Nirandas"]
[Result "0-1"]
[WhiteElo "1000"]
[BlackElo "1000"]
[PlyCount "40"]

1. e4 e5 2. Nf3 Nc6 3. Bc4 Nf6 4. Nc3 Bc5 5. Ng5 O-O 6. O-O d6 7. Na4 h6 8. Nf3
Nd4 9. Nxc5 dxc5 10. Nxe5 Qd6 11. f4 Be6 12. Bd3 c4 13. Nxc4 Bxc4 14. e5 Qc5
15. exf6 Nxc2+ 16. Kh1 Bxd3 17. fxg7 Rfe8 18. Rf3 Re1+ 19. Qxe1 Nxe1 20. Rxd3
Qf2 0-1

[Event "Tournoi Skype 027B"]
[Site "Skype"]
[Date "????.??.??"]
[Round "2.1"]
[White "Luunge, Abdi"]
[Black "Cayllahua, Braulio Idme"]
[Result "0-1"]
[WhiteElo "1285"]
[BlackElo "1489"]
[PlyCount "110"]

1. e4 d5 2. e5 d4 3. d3 c5 4. c3 Nc6 5. Nf3 Bg4 6. Nbd2 Nxe5 7. Qa4+ Nc6 8. Qb5
Qb6 9. Qa4 Bd7 10. Qc2 Nf6 11. h3 e6 12. Nc4 Qc7 13. Be2 b5 14. Ncd2 Bd6 15.
Ne4 Nd5 16. a3 O-O 17. c4 Nf4 18. Nxd6 Qxd6 19. Bxf4 Qxf4 20. cxb5 Na5 21. b4
cxb4 22. axb4 Nb7 23. Qb2 e5 24. b6 axb6 25. Rxa8 Rxa8 26. O-O Rc8 27. g3 Qf6
28. Nd2 Bxh3 29. Ne4 Qc6 30. Bf3 Qc2 31. Qxc2 Rxc2 32. Rd1 Rc7 33. Ra1 Nd8 34.
Ra8 Rc8 35. Ra6 Rb8 36. Ra7 h6 37. Re7 Kf8 38. Rxe5 Nc6 39. Rh5 Be6 40. Nd6
Nxb4 41. Nb5 Nxd3 42. Nxd4 Nc5 43. Nxe6+ Nxe6 44. Bd5 Ke7 45. f4 b5 46. Rh2 Kd6
47. Rd2 Kc5 48. Kf2 b4 49. Ke3 b3 50. Rb2 Nd4 51. Bxb3 Rxb3+ 52. Rxb3 Nxb3 53.
Ke4 Kd6 54. Kf5 Nc5 55. g4 Nd7 0-1

[Event "Tournoi Skype 027B"]
[Site "Skype"]
[Date "????.??.??"]
[Round "2.2"]
[White "Simone, Vale"]
[Black "Douichi, Mohammed"]
[Result "1-0"]
[WhiteElo "1453"]
[BlackElo "1277"]
[PlyCount "137"]

1. Nf3 d5 2. e3 Nf6 3. c4 Bf5 4. Nc3 e6 5. cxd5 Nxd5 6. Nxd5 Qxd5 7. g3 Be4 8.
Bg2 Qc4 9. Ne5 Qd5 10. Qa4+ c6 11. Qxe4 Qxe4 12. Bxe4 Bd6 13. Nc4 Bc5 14. d4
Bb4+ 15. Bd2 Bxd2+ 16. Nxd2 O-O 17. O-O Nd7 18. Rac1 Nf6 19. Bg2 Rad8 20. Ne4
Nxe4 21. Bxe4 f5 22. Bg2 Rd7 23. Rfd1 Rfd8 24. Rc5 Rd6 25. Rdc1 Kf7 26. R1c3 g6
27. Rb3 b6 28. Rxc6 Rxc6 29. Bxc6 Kf6 30. Rc3 e5 31. d5 e4 32. Ra3 a5 33. Rb3
Rb8 34. d6 Ke6 35. d7 Ke7 36. Rb5 Kd6 37. Rd5+ Kc7 38. d8=Q+ Rxd8 39. Rxd8 Kxd8
40. Bd5 Ke7 41. Bg8 h5 42. Kf1 Kf6 43. h4 b5 44. Ke1 g5 45. Kd2 gxh4 46. gxh4
Ke5 47. Bf7 Kf6 48. Bxh5 Kg7 49. Kc3 Kh6 50. Be8 b4+ 51. Kc4 Kg7 52. Kb5 Kh6
53. Kxa5 b3 54. axb3 Kg7 55. b4 Kf6 56. b5 f4 57. exf4 Kf5 58. b6 Kxf4 59. b7
Kf3 60. b8=Q Kxf2 61. Qf4+ Kg2 62. Qxe4+ Kg3 63. Kb4 Kh3 64. Qg6 Kh2 65. Bc6
Kh3 66. Kc3 Kxh4 67. Kd3 Kh3 68. Ke3 Kh4 69. Kf4 1-0

[Event "Tournoi Skype 027B"]
[Site "Skype"]
[Date "????.??.??"]
[Round "2.3"]
[White "Bendre, Pankaj"]
[Black "Milanese, Serge"]
[Result "0-1"]
[WhiteElo "1438"]
[BlackElo "1277"]
[PlyCount "33"]

1. e4 e5 2. Nf3 Nc6 3. Bc4 Bc5 4. b4 Bxb4 5. c3 Bc5 6. O-O Nf6 7. d4 Bb6 8. Re1
O-O 9. h3 d5 10. dxe5 Nxe4 11. Rxe4 dxe4 12. Qxd8 Rxd8 13. Nfd2 Nxe5 14. Be2 e3
15. fxe3 Bxe3+ 16. Kf1 Be6 17. c4 0-1

[Event "Tournoi Skype 027B"]
[Site "Skype"]
[Date "????.??.??"]
[Round "2.4"]
[White "Pasasin, Alejandro"]
[Black "Cayo, Ana Carolina"]
[Result "0-1"]
[WhiteElo "1251"]
[BlackElo "1410"]
[PlyCount "60"]

1. d4 d5 2. Bf4 Nf6 3. e3 Bf5 4. Nf3 e6 5. Nbd2 Be7 6. Be2 Nbd7 7. c4 c6 8. c5
h6 9. h3 O-O 10. O-O b6 11. b4 bxc5 12. bxc5 Rb8 13. Bxb8 Qxb8 14. Qb3 Qc7 15.
a4 Rb8 16. Qc3 g5 17. Ne5 Nxe5 18. dxe5 Nd7 19. f4 Nxc5 20. a5 Nd7 21. Rfc1 c5
22. a6 c4 23. Nf3 gxf4 24. exf4 Qc5+ 25. Kh1 h5 26. Nd4 Be4 27. Bxh5 Bh4 28.
Ra5 Qf8 29. Nc6 Qg7 30. Nxb8 Qxg2# 0-1

[Event "Tournoi Skype 027B"]
[Site "Skype"]
[Date "????.??.??"]
[Round "2.5"]
[White "Franco, Yolima"]
[Black "Scata, Laura"]
[Result "1-0"]
[WhiteElo "1408"]
[BlackElo "1273"]
[PlyCount "57"]

1. d4 c6 2. c4 d5 3. Nc3 Nf6 4. Nf3 Nbd7 5. Bf4 Nh5 6. Be3 e6 7. g4 Nhf6 8. Bh3
Bd6 9. Qc2 Qc7 10. g5 Nh5 11. Bg4 Nf4 12. O-O h5 13. gxh6 gxh6 14. c5 Rg8 15.
Kh1 Rxg4 16. cxd6 Qxd6 17. Qh7 h5 18. Rg1 Nf6 19. Qh8+ Ke7 20. Ne5 Ng6 21.
Nxg6+ Rxg6 22. Rxg6 fxg6 23. Qg7+ Ke8 24. Qxg6+ Kd7 25. Qxf6 b6 26. Rg1 Kc7 27.
Rg7+ Bd7 28. Bf4 e5 29. Bxe5 1-0

[Event "Tournoi Skype 027B"]
[Site "Skype"]
[Date "????.??.??"]
[Round "2.6"]
[White "Reese, Evan"]
[Black "Amato, Ludovica"]
[Result "1-0"]
[WhiteElo "1235"]
[BlackElo "1402"]
[PlyCount "61"]

1. d4 d5 2. g3 Nf6 3. Bg2 c6 4. e3 Bf5 5. Ne2 e6 6. O-O Bd6 7. b3 O-O 8. Bb2
Nbd7 9. Nd2 e5 10. Nf3 Qe7 11. dxe5 Nxe5 12. Qd4 Nxf3+ 13. Bxf3 Bxc2 14. Qh4
Be5 15. Nd4 Be4 16. Bg4 c5 17. f4 Bd6 18. Nf3 Bxf3 19. Rxf3 Nxg4 20. Qxg4 f6
21. Rd1 Qe4 22. Kf1 Rae8 23. Re1 Qd3+ 24. Kf2 Re7 25. e4 Qc2+ 26. Re2 Qb1 27.
Qf5 dxe4 28. Qd5+ Rff7 29. Rfe3 Rd7 30. Rxe4 Bxf4 31. Re8# 1-0

[Event "Tournoi Skype 027B"]
[Site "Skype"]
[Date "????.??.??"]
[Round "2.7"]
[White "Munoz Gonzalez, Martin"]
[Black "Yilmazer, Seher"]
[Result "1-0"]
[WhiteElo "1393"]
[BlackElo "1267"]
[PlyCount "73"]

1. b3 e5 2. Bb2 Nc6 3. e3 d6 4. Bb5 Qg5 5. Bxc6+ bxc6 6. Qf3 Ne7 7. Nc3 Bg4 8.
Qe4 Bf5 9. Qf3 Bxc2 10. e4 d5 11. d3 d4 12. Na4 Ng6 13. g3 Bb4+ 14. Kf1 Qd2 15.
Kg2 O-O 16. a3 Bd6 17. Rc1 Bxb3 18. Qe2 Qa5 19. h4 Qxa4 20. h5 Nf4+ 21. gxf4
exf4 22. Nf3 h6 23. Nxd4 Be6 24. Nf3 f5 25. Qd1 Bb3 26. Qg1 fxe4 27. Kf1 Rf7
28. dxe4 Bf8 29. e5 Qa6+ 30. Kg2 Bd5 31. e6 Rf5 32. e7 Rg5+ 33. Kh3 Rxg1 34.
Rcxg1 Be6+ 35. Kg2 Bxe7 36. Nd4 Bd5+ 37. f3 1-0

[Event "Tournoi Skype 027B"]
[Site "Skype"]
[Date "????.??.??"]
[Round "2.8"]
[White "Ryan, Lea"]
[Black "Borg, Anthony"]
[Result "0-1"]
[WhiteElo "1371"]
[BlackElo "1236"]
[PlyCount "42"]

1. d4 d5 2. Bf4 e6 3. e3 Nd7 4. Nf3 Ngf6 5. Bd3 c5 6. c3 c4 7. Bc2 Be7 8. Nbd2
O-O 9. O-O b5 10. b3 b4 11. cxb4 Bxb4 12. a3 Be7 13. Rb1 c3 14. Bxh7+ Nxh7 15.
Qc2 cxd2 16. Qxd2 Ba6 17. Rfe1 Rc8 18. b4 Bc4 19. Qc2 Rc6 20. Qa4 Ra6 21. Qc2
Rxa3 0-1

[Event "Tournoi Skype 027B"]
[Site "Skype"]
[Date "????.??.??"]
[Round "2.9"]
[White "Jimenez Cabrera, Rodolfo"]
[Black "Duthoit, Bernard"]
[Result "0-1"]
[WhiteElo "1225"]
[BlackElo "1334"]
[PlyCount "110"]

1. e4 e6 2. Nf3 c5 3. d4 Nc6 4. Bc4 Na5 5. Bb5 a6 6. Bd2 axb5 7. Nc3 b4 8. Ne2
Nc6 9. d5 exd5 10. exd5 Nce7 11. Bf4 d6 12. O-O Ng6 13. Bg5 Be7 14. Qd2 Bg4 15.
Qe3 Bxf3 16. Bxe7 Qxe7 17. Qxf3 Ne5 18. Qe3 Nf6 19. f4 Ng6 20. Qxe7+ Nxe7 21.
Rfe1 O-O 22. Ng3 Nfxd5 23. c3 bxc3 24. bxc3 c4 25. Ne2 Rfe8 26. a4 Ne3 27. Nd4
N7d5 28. Ra3 Nxf4 29. Ra2 Nd3 30. Rea1 Nc5 31. a5 Nb3 32. Nxb3 cxb3 33. Rb2 Nc4
34. Rxb3 Rxa5 35. Rab1 b6 36. Rb4 d5 37. h4 Ra2 38. Kh2 f5 39. Rb5 Na3 40. Rxb6
Nxb1 41. Rxb1 Rc2 42. Rf1 Ree2 43. Rb1 Rxc3 44. Rd1 Re5 45. g3 f4 46. gxf4 Re2+
47. Kg1 Rg3+ 48. Kf1 Rh2 49. Rxd5 h6 50. f5 Ra3 51. Rd1 Rh1+ 52. Ke2 Ra2+ 53.
Rd2 Rh2+ 54. Ke3 Raxd2 55. Kf4 Rxh4+ 0-1

[Event "Tournoi Skype 027B"]
[Site "Skype"]
[Date "????.??.??"]
[Round "2.10"]
[White "Gerbaux, Regis"]
[Black "Malbec, Robert"]
[Result "1/2-1/2"]
[WhiteElo "1334"]
[BlackElo "1233"]
[PlyCount "57"]

1. d4 d5 2. Bf4 Nf6 3. e3 e6 4. Bd3 Bd6 5. Bg3 Nc6 6. Nf3 O-O 7. Nbd2 Nb4 8.
Be2 b6 9. c3 Nc6 10. Bd3 a5 11. Qe2 Bb7 12. Ne5 Bxe5 13. dxe5 Nd7 14. f4 Ne7
15. Bh4 Qe8 16. O-O Ng6 17. Qh5 Nc5 18. Bc2 Qc6 19. Bg3 d4 20. e4 d3 21. Bd1
Nxe4 22. Nxe4 Qxe4 23. Bf3 Qe3+ 24. Bf2 Qxf4 25. Bxb7 Rab8 26. Bg3 Qe3+ 27. Bf2
Qf4 28. Bg3 Qe3+ 29. Bf2 1/2-1/2

[Event "Tournoi Skype 027B"]
[Site "Skype"]
[Date "????.??.??"]
[Round "2.11"]
[White "Conde, Carmen"]
[Black "Vincent, Andre"]
[Result "0-1"]
[WhiteElo "1214"]
[BlackElo "1328"]
[PlyCount "70"]

1. d4 d5 2. g3 c6 3. e3 e6 4. c4 f5 5. f4 Nf6 6. Bg2 Be7 7. Qd3 O-O 8. Ne2 Bd7
9. h3 Be8 10. c5 Nbd7 11. b4 a6 12. Nbc3 Bg6 13. a3 Nh5 14. g4 Bh4+ 15. Kd1 Ng3
16. Nxg3 Bxg3 17. e4 Bh4 18. exf5 exf5 19. Qe3 Re8 20. Qf3 Qe7 21. Kc2 fxg4+
22. Qd3 Bxd3+ 23. Kxd3 g3 24. Rf1 Nf6 25. f5 Ne4 26. Be3 Nxc3 27. Rae1 Ne4 28.
Re2 Bg5 29. Rf3 Nf2+ 30. Kc2 Qe4+ 31. Kb2 Bxe3 32. Rxg3 Bxd4+ 33. Kb3 Qxe2 34.
Ka4 a5 35. bxa5 Qb5# 0-1

[Event "Tournoi Skype 027B"]
[Site "Skype"]
[Date "????.??.??"]
[Round "2.12"]
[White "Sanchez Padilla, Armando Edilber"]
[Black "Bustos, Ricardo"]
[Result "1-0"]
[WhiteElo "1321"]
[BlackElo "1216"]
[PlyCount "85"]

1. e4 c5 2. Nf3 d6 3. c3 Nf6 4. d3 e5 5. Be2 Nc6 6. O-O Be7 7. a3 O-O 8. b4 b6
9. Be3 Ng4 10. Qc1 Nxe3 11. Qxe3 Bg4 12. Nbd2 Be6 13. b5 Nb8 14. Nc4 Bxc4 15.
dxc4 Nd7 16. Rad1 Nf6 17. Nxe5 Qc7 18. Nc6 Rfe8 19. Bf3 Rac8 20. Rfe1 Bf8 21.
Qf4 Nd7 22. Rxd6 Bxd6 23. Qh4 Bxh2+ 24. Qxh2 Qxh2+ 25. Kxh2 Ne5 26. Nxa7 Nxf3+
27. gxf3 Ra8 28. Nc6 Rxa3 29. Re3 Re6 30. Nd8 Rh6+ 31. Kg3 Ra1 32. Kf4 Rh4+ 33.
Ke5 f6+ 34. Kd6 Ra8 35. Kc7 Ra7+ 36. Kd6 Rh6 37. Ne6 Ra8 38. f4 Kf7 39. f5 Ra4
40. Rg3 Rxc4 41. Rxg7+ Ke8 42. Rg8+ Kf7 43. Rf8# 1-0

[Event "Tournoi Skype 027B"]
[Site "Skype"]
[Date "????.??.??"]
[Round "2.13"]
[White "Chavez, Isidro"]
[Black "De Nobrega, George"]
[Result "0-1"]
[WhiteElo "1192"]
[BlackElo "1311"]
[PlyCount "56"]

1. d4 d5 2. Nf3 Nf6 3. e3 Nc6 4. c4 Bf5 5. Nc3 a6 6. c5 h6 7. h3 e6 8. Be2 Be7
9. O-O O-O 10. a3 b6 11. Qb3 bxc5 12. Qb7 Na5 13. Qxa6 Rxa6 14. Bxa6 cxd4 15.
Nxd4 Bg6 16. b4 Qa8 17. Be2 Nc6 18. Bb5 Nxd4 19. exd4 Bxb4 20. Ne2 Bd6 21. Bb2
Qb7 22. a4 c6 23. Bc3 cxb5 24. axb5 Qxb5 25. Ra5 Qxe2 26. Re1 Qc2 27. Ba1 Ne4
28. Ra6 Qxf2+ 0-1

[Event "Tournoi Skype 027B"]
[Site "Skype"]
[Date "????.??.??"]
[Round "2.14"]
[White "Felippe E Silva, Glenda"]
[Black "Gokcek, Cagri"]
[Result "0-1"]
[WhiteElo "1309"]
[BlackElo "1202"]
[PlyCount "88"]

1. d4 d5 2. Nf3 Nc6 3. Bf4 Bf5 4. e3 Nf6 5. h3 e6 6. c3 Bd6 7. Bh2 Qe7 8. Bd3
Ne4 9. Nbd2 Nxf2 10. Kxf2 Bxd3 11. Re1 Bxh2 12. Nxh2 Qh4+ 13. Kg1 Be4 14. Nhf3
Qh5 15. Nxe4 dxe4 16. Nd2 Qh4 17. Qc2 f5 18. Qb3 Nd8 19. d5 Qe7 20. Rf1 Rf8 21.
g4 g6 22. Rf2 c6 23. dxe6 Nxe6 24. Rd1 Ng5 25. Kg2 O-O-O 26. Nf1 Nf3 27. Ng3
fxg4 28. hxg4 Nh4+ 29. Kf1 Rxf2+ 30. Kxf2 Rf8+ 31. Ke2 Qe5 32. Nf1 h5 33. gxh5
Qxh5+ 34. Kd2 Rd8+ 35. Kc1 Rxd1+ 36. Qxd1 Nf3 37. Nd2 Nxd2 38. Qxd2 Qe5 39. Qd4
Qf5 40. Qxa7 g5 41. b4 g4 42. Qa8+ Kc7 43. Qa5+ Qxa5 44. bxa5 g3 0-1

[Event "Tournoi Skype 027B"]
[Site "Skype"]
[Date "????.??.??"]
[Round "2.15"]
[White "Abate, Luigi"]
[Black "Battaglia, Gabriele"]
[Result "0-1"]
[WhiteElo "1134"]
[BlackElo "1308"]
[PlyCount "84"]

1. c4 c5 2. g3 g6 3. Bg2 Bg7 4. e4 d6 5. Nf3 Nf6 6. d3 Nc6 7. Be3 O-O 8. O-O
Bg4 9. Nc3 Qd7 10. Qd2 Rfe8 11. h3 Bxh3 12. Bf4 Bxg2 13. Kxg2 Qc7 14. Nb5 Qd7
15. Rh1 h5 16. e5 Ng4 17. exd6 a6 18. Nc7 exd6 19. Nxa8 Rxa8 20. Rhe1 d5 21.
cxd5 Qxd5 22. Kh3 Qd7 23. Kg2 c4 24. Rad1 cxd3 25. a3 Bf6 26. Ng5 Qd5+ 27. f3
Nge5 28. Qe3 Rd8 29. Ne4 Bg7 30. Bg5 Rd7 31. Bf6 Nc4 32. Qf4 Nxb2 33. Rb1 d2
34. Bxg7 Kxg7 35. Qf6+ Kg8 36. Nxd2 Qxd2+ 37. Kg1 Nd3 38. Rf1 Re7 39. Rbd1 Qc2
40. Qd6 Re2 41. Qd4 Nxd4 42. Rxd3 Rg2+ 0-1

[Event "Tournoi Skype 027B"]
[Site "Skype"]
[Date "????.??.??"]
[Round "2.16"]
[White "Clemente Alcahua, Kaparso"]
[Black "Codina, Teresa"]
[Result "0-1"]
[WhiteElo "1308"]
[BlackElo "1189"]
[PlyCount "120"]

1. e4 e5 2. Nf3 Nc6 3. Bb5 Nf6 4. d3 a6 5. Ba4 Be7 6. O-O O-O 7. Nc3 d6 8. Nd5
b5 9. Nxf6+ Bxf6 10. Bb3 Bd7 11. c3 h6 12. d4 exd4 13. cxd4 Re8 14. Re1 Bg4 15.
Bd5 Bxf3 16. gxf3 Qd7 17. e5 Bg5 18. Bxg5 hxg5 19. e6 fxe6 20. Be4 Rab8 21. Kh1
Rf8 22. Rg1 d5 23. Bg6 Ne7 24. Qd3 Nxg6 25. Qxg6 Qf7 26. Qxg5 Qxf3+ 27. Rg2 Rf7
28. Rag1 Rbf8 29. Qe3 Qe4 30. Qh6 c6 31. Qg6 Kh8 32. Qg4 a5 33. f3 Qxg4 34.
Rxg4 Kh7 35. Rg6 Re8 36. h4 Ree7 37. R1g3 Rf6 38. Rxf6 gxf6 39. f4 e5 40. fxe5
fxe5 41. Rg4 exd4 42. Rxd4 Re1+ 43. Kg2 Re2+ 44. Kg3 Rxb2 45. Kg4 Rxa2 46. Kf4
Kh6 47. Ke5 Rc2 48. Kd6 b4 49. Kc7 b3 50. Rf4 Kh5 51. Rf5+ Kxh4 52. Rf4+ Kg5
53. Rf3 a4 54. Kb6 c5 55. Kb5 c4 56. Kxa4 d4 57. Ka3 d3 58. Rg3+ Kf4 59. Rxd3
cxd3 60. Kxb3 Ke3 0-1

[Event "Tournoi Skype 027B"]
[Site "Skype"]
[Date "????.??.??"]
[Round "2.17"]
[White "Pourtahmasbi, Ednun"]
[Black "Cengiz, Ali Ekber"]
[Result "1-0"]
[WhiteElo "1305"]
[BlackElo "1129"]
[PlyCount "67"]

1. e4 e5 2. Nf3 d6 3. Nc3 c6 4. Bc4 h6 5. d4 exd4 6. Nxd4 Qc7 7. Bf4 Qb6 8. b3
Be7 9. Nf5 Bxf5 10. exf5 Qc5 11. g4 b5 12. Ne4 Qb6 13. Nxd6+ Kf8 14. Nxf7 Rh7
15. Be6 Bb4+ 16. Kf1 Be7 17. Bd6 Qb7 18. Nd8 Qa6 19. Rg1 Nd7 20. Bxd7 Rxd8 21.
Bxe7+ Kxe7 22. Rg3 Rxd7 23. Qe2+ Kf8 24. Rd1 Rxd1+ 25. Qxd1 b4+ 26. Kg1 Qc8 27.
Rd3 Ke8 28. Qe1+ Ne7 29. Re3 Qc7 30. Qxb4 Rh8 31. Qc3 Rf8 32. Qxg7 Rf7 33. Qxh6
Qd6 34. Qxd6 1-0

[Event "Tournoi Skype 027B"]
[Site "Skype"]
[Date "????.??.??"]
[Round "2.18"]
[White "Trapletti, Cosetta"]
[Black "Farfallini, Michel"]
[Result "0-1"]
[WhiteElo "1050"]
[BlackElo "1304"]
[PlyCount "70"]

1. c4 e5 2. e4 Nf6 3. Nc3 Bc5 4. Nf3 d6 5. d3 Ng4 6. d4 exd4 7. Nxd4 Qf6 8. Be3
Nc6 9. Be2 Nxd4 10. Bxg4 Bxg4 11. Qxg4 Nc2+ 12. Ke2 Nxe3 13. fxe3 h5 14. Qh3 g5
15. Rhf1 Qg7 16. Rf5 Qg6 17. Raf1 g4 18. Qg3 Rh7 19. h4 O-O-O 20. e5 Re8 21.
exd6 Rxe3+ 22. Kd1 Rxg3 23. dxc7 Qd6+ 24. Nd5 Rd3+ 25. Kc2 Rd4 26. Rg5 Rxc4+
27. Kd1 Rd4+ 28. Ke2 Rxd5 29. Rg8+ Kxc7 30. Re8 Re5+ 31. Rxe5 Qxe5+ 32. Kd1
Qxb2 33. Re1 Rh8 34. Re5 Rd8+ 35. Ke1 Qxe5+ 0-1